Statistics for Languages spoken in Pakistan

Click here to take the quiz!

General Stats

  • This quiz has been taken 790 times
  • The average score is 4 of 15

Answer Stats

HintAnswer% Correct
Urdu
98%
Punjabi
87%
Sindhi
65%
Balochi
53%
Pushto
40%
kashmiri
34%
saraiki
23%
hindko
17%
gilgiti
7%
afghani
5%
thari
3%
chitrali
3%
brahvi
2%
pothohari
2%
lari
1%

Score Distribution

Percentile by Number Answered

Percent of People with Each Score

Your Score History

You have not taken this quiz